Movies Quiz

Random Movies or Box Office Quiz

Highest Grossing PG-13 Movies Quiz Stats

 Plays Quiz Retired Jul 7, 2021

Support Sporcle.
Go Orange.
Score 0/20 Timer 05:00
0 Plays Today
Year Movie % Correct
2019Avengers: Endgame
77%
2009Avatar
72.9%
1997Titanic
72.1%
2018Avengers: Infinity War
66%
2012Marvel's The Avengers
53.5%
2018Black Panther
51.6%
2015Star Wars: Episode VII - The Force Awakens
49.9%
2015Avengers: Age of Ultron
49.6%
2008The Dark Knight
46.6%
2019Star Wars: Episode IX - The Rise of Skywalker
42%
Year Movie % Correct
2015Jurassic World
39.2%
2012The Dark Knight Rises
38.1%
2013Iron Man 3
37%
2019Captain Marvel
29.6%
2016Rogue One: A Star Wars Story
24.9%
2017Star Wars: Episode VIII - The Last Jedi
24.5%
2017Wonder Woman
21.7%
2018Jurassic World: Fallen Kingdom
21.7%
2013The Hunger Games: Catching Fire
19.3%
2006Pirates of the Caribbean: Dead Man's Chest
14.2%

From the Vault

Explain a Film Plot Badly

by flibbidy

Movies 5m
Seriously? Did you even watch these movies?
Remove Ads.
Support Sporcle.
Get the best of Sporcle when you Go Orange. This ad-free experience offers more features, more stats, and more fun while also helping to support Sporcle. Thank you for becoming a member.

Show Comments

Extras

Top Quizzes Today


Score Distribution

Your Account Isn't Verified!

In order to create a playlist on Sporcle, you need to verify the email address you used during registration. Go to your Sporcle Settings to finish the process.

Report this User

Report this user for behavior that violates our Community Guidelines.

Details: